Innovative policies for sustainable urban development : the ecological city
Αποθηκεύτηκε σε:
| Συγγραφή απο Οργανισμό/Αρχή: | |
|---|---|
| Μορφή: | Βιβλίο |
| Γλώσσα: | English French |
| Δημοσίευση: |
Paris :
Organisation for Economic Co-operation and Development,
1996.
|
| Θέματα: | |
| Ετικέτες: |
Προσθήκη ετικέτας
Δεν υπάρχουν, Καταχωρήστε ετικέτα πρώτοι!
|
MARC
| LEADER | 00000cam a2200000 i 4500 | ||
|---|---|---|---|
| 001 | 1/8859 | ||
| 008 | 961206s1996 fr | ||| |||| ||eng|| | ||
| 020 | |a 9264149155 | ||
| 035 | |l 10017259 | ||
| 040 | |a GR-MyUA |b gre |e AACR2 | ||
| 041 | 1 | |a eng |h fre | |
| 082 | 0 | |a 307.76 | |
| 110 | 2 | |a Organisation for Economic Co-operation and Development. | |
| 245 | 1 | 0 | |a Innovative policies for sustainable urban development : |b the ecological city / |c Organisation for Economic Co-Operation and Development. |
| 260 | |a Paris : |b Organisation for Economic Co-operation and Development, |c 1996. | ||
| 300 | |a 185 σ. | ||
| 500 | |a Τίτλος πρωτοτύπου: Politiques novatrices pour un developpement urnbain durable la vile ecologique. | ||
| 650 | 0 | 0 | |a City planning |x Environmental aspects |z OECD countries. |
| 650 | 0 | 0 | |a Urban ecology |z OECD countries. |
| 650 | 0 | 0 | |a Sustainable development |z OECD countries. |
| 650 | 0 | 0 | |a Environmental policy |z OECD countries. |
| 650 | 0 | 0 | |a Urban policy |z OECD countries. |
| 852 | |a INST |b LESVOS |e 19961206 |h 307.76 INN |p 005100008840 |q 005100008840 |t BK |y 0 | ||
| 852 | |a INST |b LESVOS |e 19980818 |h 307.76 INN |p 005100017552 |q 005100017552 |t BK |y 0 | ||
| 909 | |a Λ |b 049174 | ||
| 909 | |a Λ |b 058857 | ||
| 922 | |a 1ΔΩΡ |b 199612 | ||
| 922 | |a 1ΕΛΗ |b 199807 |c ΚΠΣ/ΤΠ |d ΠΑΠΑΣΩΤΗΡΙΟΥ | ||
| 950 | |a 107-1998-03-04 | ||